01154 a2200193 4500003000500000005001700005020001500022040000900037082001700046100002700063245008900090260002500179300001100204505056900215650001900784942001200803999001900815952012600834Nust20221117112024.0 a8178088231 cNust a621.3678,JEN aJensen, John R.929676 aRemote sensing of the environment :ban earth resource perspective /cJohn R. Jensen aIndiabPearsonc2003 a544 p. aRemote Sensing of the Environment (Page-1), Electromagnetic Radiation Principles (Page-29), History of Aerial Photography and Aerial Platforms (Page-53), Aerial Photograph (Page-85), Elements of Visual Image Interpretation (Page-119), Photogrammetry (Page-137), Multispectral Remote Sensing Systems (Page-181), Active and Passive Microwave and LIDAR Remote Sensing (Page-285), Remote Sensing of Vegetation (Page-333), Remote Sensing of Water (Page-379), Remote Sensing the Urban Landscape (Page-407), Remote Sensing of Soils, Minerals And Geomorphology (Page-471). aRemote sensing 2ddccBK c176863d176863 00102ddc4070aMCSbMCScGENd2016-12-12o621.3678,JENpMCS30335r2016-12-08w2016-12-12yBKzAlmirah No.30, Shelf No.4